Obchodní společnosti nově. 6. Podnikatel a paragrafy.

Založenie účastinnej spoločnosti: jednorazové a s výzvou k upisovaniu účastín. Účel zakladajúceho valného zhromaždenia. Skladba valného zhromaždenia. Predstavenstvo. Dozorná rada.

Enregistré dans:
Détails bibliographiques
Format: Chapitre de livre
Langue:tchèque
Sujets:
Tags: Ajouter un tag
Pas de tags, Soyez le premier à ajouter un tag!

MARC

LEADER 00000naa a2200000 4500
001 r007352
005 20220831083908.1
041 0 |a cze 
044 |a [CS] 
245 1 0 |a Obchodní společnosti nově. 6.  |b Podnikatel a paragrafy. 
520 |a Založenie účastinnej spoločnosti: jednorazové a s výzvou k upisovaniu účastín. Účel zakladajúceho valného zhromaždenia. Skladba valného zhromaždenia. Predstavenstvo. Dozorná rada. 
610 2 0 |a spoločnosti obchodné 
610 2 0 |a právo obchodné 
610 2 0 |a zákony 
610 2 0 |a spoločnosti akciové 
610 2 0 |a akcie 
610 2 0 |a štruktúra podniku organizačná